Censos y encuestas industriales de las naciones Americanas; (Record no. 51431)
[ view plain ]
| 000 -LEADER | |
|---|---|
| fixed length control field | 00643cam a22002171 4500 |
| 001 - CONTROL NUMBER | |
| control field | pa 60000046 |
| 003 - CONTROL NUMBER IDENTIFIER | |
| control field | DLC |
| 005 - DATE AND TIME OF LATEST TRANSACTION | |
| control field | 20260227111855.0 |
| 008 - FIXED-LENGTH DATA ELEMENTS--GENERAL INFORMATION | |
| fixed length control field | 840427s1959 dcu i000 0 spa |
| 010 ## - LIBRARY OF CONGRESS CONTROL NUMBER | |
| LC control number | pa 60000046 |
| 035 ## - SYSTEM CONTROL NUMBER | |
| System control number | (OCoLC)21726082 |
| 040 ## - CATALOGING SOURCE | |
| Original cataloging agency | DLC |
| Transcribing agency | CU |
| Modifying agency | DLC |
| 042 ## - AUTHENTICATION CODE | |
| Authentication code | premarc |
| 043 ## - GEOGRAPHIC AREA CODE | |
| Geographic area code | n------ |
| 050 00 - LIBRARY OF CONGRESS CALL NUMBER | |
| Classification number | HD95 |
| Item number | .P33 |
| 110 2# - MAIN ENTRY--CORPORATE NAME | |
| Corporate name or jurisdiction name as entry element | Pan American Union. |
| Subordinate unit | Department of Statistics. |
| 245 10 - TITLE STATEMENT | |
| Title | Censos y encuestas industriales de las naciones Americanas; |
| Remainder of title | resumen de los últimos resultados disponibles. |
| 260 ## - PUBLICATION, DISTRIBUTION, ETC. | |
| Place of publication, distribution, etc. | Washington, |
| Date of publication, distribution, etc. | 1959. |
| 300 ## - PHYSICAL DESCRIPTION | |
| Extent | iii, 95 p. |
| Dimensions | 22 x 28 cm. |
| 650 #0 - SUBJECT ADDED ENTRY--TOPICAL TERM | |
| Topical term or geographic name entry element | Industries |
| Geographic subdivision | America. |
No items available.